|
|
|
|
| LEADER |
00000nam a22000007a 4500 |
| 005 |
20180504230246.0 |
| 007 |
cr|||| |||| |
| 008 |
180504s2017 br |||||s|||| 00||0 por d |
| 020 |
|
|
|a 978-85-361-9479-0
|
| 035 |
|
|
|a 21582
|
| 040 |
|
|
|a vLex
|
| 090 |
|
|
|c 7910
|d 7910
|
| 100 |
1 |
|
|a Rosignoli, Mariana
|
| 245 |
1 |
0 |
|a Manual de Direito Desportivo
|h [Recurso electrn̤ico] /
|c Mariana Rosignoli, Sřgio Santos Rodrigues
|
| 256 |
|
|
|a Servicio en ln̕ea
|
| 260 |
|
|
|a San Pablo:
|b LTR,
|c 2017
|
| 300 |
|
|
|a 1 recurso electrn̤ico
|
| 500 |
|
|
|a O Direito Desportivo, cada vez mais presente e debatido no ordenamento jurd̕ico nacional, desperta o interesse nô s ̤de operadores do Direito, mas da populaȯ̂ de maneira geral. Por isso, justifica-se a elaboraȯ̂ de uma obra ampla e didt̀ica como fonte introdutr̤ia ̉matřia, que busca aliar teoria e prt̀ica e levar ao conhecimento dos leitores as principais discusse̳s doutrinr̀ias e jurisprudenciais sobre o tema. Para esta 2® ediȯ̂, revisada e ampliada, a principal intenȯ̂ foi atualizar todo o conted︢o do material, com as evoluė̳s legislativas pertinentes ao tema e que afetaram alguns pontos substanciais do Direito Desportivo.
|
| 506 |
1 |
|
|a Disponible solo en los productos indicados
|d vLex Global
|d vLex Global (Academic Edition, excluding Law Schools)
|d vLex Global (U.S. Academic Edition, Law Schools)
|d vLex Global (U.S. Academic Edition, excluding Law Schools)
|d vLex Global (Academic Edition, Law Schools)
|
| 650 |
0 |
4 |
|a Derecho Pb︢lico y Administrativo
|z Brasil
|
| 650 |
0 |
4 |
|a Deporte
|z Brasil
|
| 650 |
0 |
4 |
|a Deportes
|z Brasil
|
| 700 |
1 |
|
|a Santos Rodrigues, Sřgio
|
| 740 |
0 |
|
|a vLex Libros (Servicio en ln̕ea)
|
| 856 |
4 |
0 |
|u http://vlex.com/source/manual-de-direito-desportivo-21582
|z Acceso restringido
|
| 942 |
|
|
|c BOOK
|
| 999 |
0 |
|
|a Public and Administrative Law
|
| 999 |
0 |
|
|a Sport
|
| 999 |
0 |
|
|a Sports
|